Explaining reconviction rates: a critical analysis
| VerfasserInnen: | ; ; |
|---|---|
| Medienart: | Druck Buch |
| Sprache: | Englisch |
| Veröffentlicht: |
London
HMSO
1994
|
| In: |
Home Office research study (136)
Jahr: 1994 |
| Online-Zugang: |
Inhaltsverzeichnis |
| Bestand in Tübingen: | In Tübingen vorhanden. IFK: S XLII 136 UB: KB 8 E 5389 |
| Verfügbarkeit prüfen: | HBZ Gateway |
| Subito Bestelldienst: | Jetzt bestellen. |
MARC
| LEADER | 00000cam a2200000 c 4500 | ||
|---|---|---|---|
| 001 | 271955481 | ||
| 003 | DE-627 | ||
| 005 | 20251129021308.0 | ||
| 007 | tu | ||
| 008 | 950220s1994 xx ||||| 00| ||eng c | ||
| 020 | |a 0113411170 |9 0-11-341117-0 | ||
| 035 | |a (DE-627)271955481 | ||
| 035 | |a (DE-576)043774075 | ||
| 035 | |a (DE-599)GBV271955481 | ||
| 035 | |a (OCoLC)246261437 | ||
| 035 | |a (OCoLC)32141683 | ||
| 040 | |a DE-627 |b ger |c DE-627 |e rakwb | ||
| 041 | |a eng | ||
| 100 | 1 | |a Lloyd, Charles |4 aut | |
| 245 | 1 | 0 | |a Explaining reconviction rates |b a critical analysis |c by Charles Lloyd; George Mair; Mike Hough |
| 264 | 1 | |a London |b HMSO |c 1994 | |
| 300 | |a XIV, 103 S. |b graph. Darst. | ||
| 336 | |a Text |b txt |2 rdacontent | ||
| 337 | |a ohne Hilfsmittel zu benutzen |b n |2 rdamedia | ||
| 338 | |a Band |b nc |2 rdacarrier | ||
| 490 | 1 | |a Home Office research study |v 136 | |
| 490 | 0 | |a A Home Office research and Planning Unit report | |
| 700 | 1 | |a Mair, George |0 (DE-588)1044391936 |0 (DE-627)771952317 |0 (DE-576)164608885 |4 aut | |
| 700 | 1 | |a Hough, Michael |d 1944- |0 (DE-588)172144485 |0 (DE-627)697059324 |0 (DE-576)164810064 |4 aut | |
| 810 | 2 | |a Großbritannien |b Home Office |t Home Office research study |v 136 |9 13600 |w (DE-627)167286013 |w (DE-576)013085530 |w (DE-600)441298-9 |x 0072-6435 |7 am | |
| 856 | 4 | 2 | |u http://www.gbv.de/dms/spk/sbb/toc/271955481.pdf |m V:DE-601 |m B:DE-1 |q pdf/application |x Verlag |y Inhaltsverzeichnis |3 Inhaltsverzeichnis |7 1 |
| 889 | |w (DE-576)468672893 | ||
| 951 | |a BO | ||
| ELC | |b 1 | ||
| LOK | |0 000 xxxxxcx a22 zn 4500 | ||
| LOK | |0 001 3292785871 | ||
| LOK | |0 003 DE-627 | ||
| LOK | |0 004 271955481 | ||
| LOK | |0 005 19960510000000 | ||
| LOK | |0 008 950606||||||||||||||||ger||||||| | ||
| LOK | |0 040 |a DE-21 |c DE-627 |d DE-21 | ||
| LOK | |0 852 |a DE-21 | ||
| LOK | |0 852 1 |c KB 8 E 5389 |9 00 | ||
| LOK | |0 935 |a krim | ||
| LOK | |0 936ln |a k8.8.5.1 | ||
| LOK | |0 939 |a 06-06-95 |b l01 | ||
| LOK | |0 000 xxxxxcx a22 zn 4500 | ||
| LOK | |0 001 329278591X | ||
| LOK | |0 003 DE-627 | ||
| LOK | |0 004 271955481 | ||
| LOK | |0 005 20090619090358 | ||
| LOK | |0 008 090619||||||||||||||||ger||||||| | ||
| LOK | |0 040 |a DE-21-110 |c DE-627 |d DE-21-110 | ||
| LOK | |0 541 |e 95/251 | ||
| LOK | |0 852 |a DE-21-110 | ||
| LOK | |0 852 1 |c S XLII 136 |m p |9 00 | ||
| LOK | |0 935 |a i110 |a k110 | ||
| LOK | |0 938 |k p | ||
| LOK | |0 939 |a 19-06-09 |b l01 | ||
| ORI | |a SA-MARC-krimdoka001.raw | ||
| SIG | |a IFK: S XLII 136 | ||
| SIG | |a UB: KB 8 E 5389 | ||
